000
00227nam a2200085Ia 4500
245
0
_a
Roaring Range
100
_a
HOLMES, L P Bath, 2009 Large print ed
_9
74045
942
_c
BK
008
210817s9999 xx 000 0 und d
999
_c
299498
_d
299497